Dick Whittington. (Record no. 111260)
[ view plain ]
| 000 -LEADER | |
|---|---|
| fixed length control field | 00371nam a2200157 a 4500 |
| 001 - CONTROL NUMBER | |
| control field | 2771 |
| 005 - DATE AND TIME OF LATEST TRANSACTION | |
| control field | 20140414131912.0 |
| 008 - FIXED-LENGTH DATA ELEMENTS--GENERAL INFORMATION | |
| fixed length control field | 050928s19uu xx 00 eng d |
| 020 ## - INTERNATIONAL STANDARD BOOK NUMBER | |
| International Standard Book Number | 0-7214-0485-5 |
| 050 ## - LIBRARY OF CONGRESS CALL NUMBER | |
| Classification number | ER |
| Item number | D547 1985 |
| 245 ## - TITLE STATEMENT | |
| Title | Dick Whittington. |
| 260 ## - PUBLICATION, DISTRIBUTION, ETC. (IMPRINT) | |
| Name of publisher, distributor, etc | Ladybird Books. |
| 300 ## - PHYSICAL DESCRIPTION | |
| Extent | 51p. : ill. ; cm. |
| 440 ## - SERIES STATEMENT/ADDED ENTRY--TITLE | |
| Title | Read it yourself |
| Withdrawn status | Lost status | Damaged status | Home library | Current library | Shelving location | Date acquired | Source of acquisition | Total Checkouts | Full call number | Barcode | Date last seen | Price effective from | Koha item type |
|---|---|---|---|---|---|---|---|---|---|---|---|---|---|
| Munich Library | Munich Library | Easy Reading Section | 09/28/2005 | ER D547 1985 | M1888 | 04/14/2014 | 04/14/2014 | Books |